| 000 | 00729nam a22001577a 4500 | ||
|---|---|---|---|
| 003 | OSt | ||
| 005 | 20151008152053.0 | ||
| 008 | 151008b xxu||||| |||| 00| 0 eng d | ||
| 040 | _cRUA | ||
| 082 | _aAVM HEA 2008 B084 Or.1 | ||
| 100 |
_92373 _aHEA KIMLONG |
||
| 245 | _aStudy on raising cattle within lwf target communeity teokpos district, kompong chhnang province, (ការសិក្សាពីស្ថានភាពចិញ្ចឹមគោក្របីនៅក្នុងសហគមន៍ប្រតិបត្តិការ LWF ស្រុកទឹកផុស ខេត្តកំពង់ឆ្នំាង) | ||
| 260 |
_aphnom penh _brua _c2008 |
||
| 300 |
_ax, 44p. _bill. _c29cm. |
||
| 942 |
_2ddc _cAVM |
||
| 999 |
_c2236 _d2236 |
||